1035 1256 1580 1192 1584 1009 1733 1098 1485 1664 1571 1205 1309 1938 1871 1365 1454 1767 1290 1220 1595 1894 1228 1171 1132 1898 1789 1632 1459 1079 1482 1237 1065 1971 1964 1230 1420 1886 1115 1362 1892 1953 1362 1777 1153 1151 1300 1573 1392 1722 1734 1916 1075 1802 1858 1440 1422 1428 1977 1606 1060 1766 1146 1727 1882 1896 1401 1768 1612 1667 1733 1218 1499 1940 1852 1605 1303 1274 1710 1989 1450 1206 1694 1326 1544 1775 1100 1432 1640 1074 1918 1405 1050 1671 1681 1353 1543 1982 1535 BCNSPRNW ULIB Ver.6.0+V

เปลี่ยนเป็นภาษาไทย

Change to English
 แสดงรายละเอียดบรรณานุกรม
  กลับหน้าหลัก

Brief Record : Get Marc (ISO 2709) : E-mail record : QR code < ปิดหน้าต่าง
LEADER : 00000nam 2200000uu 4500
001    13399121829
003     ULIB
008    121211s2552||||th 000 0 tha d
020    ^a9789741110735
060 04 ^aWP100^bส886
245 00 ^aสูตินรีเวชทันยุค =^bOB-GYN in practice 2009 /^cบรรณาธิการ,มงคล เบญจาภิบาล ... [และคนอื่นๆ]
246 31 ^aOB-GYN in practice 2009
250    ^aพิมพ์ครั้งที่ 1
260    ^aกรุงเทพฯ :^bภาควิชาสูติศาสตร์-นรีเวชวิทยาคณะแพทยศาสตร์ศิริราชพยาบาล มหาวิทยาลัยมหิดล,^c2552
300    ^axviii, 396 หน้า :^bภาพประกอบ ;^c26 ซม.
650  7 ^aนรีเวชวิทยา
650  7 ^aสูติศาสตร์
653    ^aผลงานอาจารย์คณะแพทยศาสตร์ศิริราชพยาบาล
700 0  ^aมงคล เบญจาภิบาล,^eบรรณาธิการ
710    ^aมหาวิทยาลัยมหิดล. ^bคณะแพทยศาสตร์ศิริราชพยาบาล.^bภาควิชาสูติศาสตร์-นรีเวชวิทยา
945    ^p320^l0^i15613
945    ^p320^l0^i15614
945    ^p320^l0^i15615
945    ^p320^l0^i15616
945    ^p320^l0^i15894
995    ^aทศพร
999    ^aทศพร เกษรทอง
รายการนี้ยังไม่มีแท็ก
คุณยังไม่ได้ล็อกอิน คุณสามารถมีกิจกรรมร่วมกับเว็บไซต์ได้ แต่ต้องล็อกอินก่อน ::
  ล็อกอิน

รายการสื่อสารสนเทศ

ลำดับที่ ประเภท เลขเรียก/บาร์โค้ด สถานที่ สถานะ
- ไม่พบข้อมูล -

รายการใกล้เคียง
    หัวเรื่อง [นรีเวชวิทยา]
    หัวเรื่อง [สูติศาสตร์]

BibComment


ยังไม่เคยถูกคอมเมนท์

คอมเมนท์ทรัพยากรรายการนี้
  คอมเมนท์: สูตินรีเวชทันยุค..


 Copyright 2026. Bcnsprnw @Library